Creación de un plan de negocios / (Registro nro. 64769)
[ vista simple ]
| 000 -LEADER | |
|---|---|
| fixed length control field | 01656nam a2200373Ii 4500 |
| 001 - CONTROL NUMBER | |
| control field | 64769 |
| 003 - CONTROL NUMBER IDENTIFIER | |
| control field | Mx-PuUPA |
| 005 - DATE AND TIME OF LATEST TRANSACTION | |
| control field | 20240129132809.0 |
| 008 - FIXED-LENGTH DATA ELEMENTS--GENERAL INFORMATION | |
| fixed length control field | 160316s2017 sp d gr 000 0 spa d |
| 020 ## - INTERNATIONAL STANDARD BOOK NUMBER | |
| International Standard Book Number | 9788416454150 |
| Qualifying information | pasta dura |
| 040 ## - CATALOGING SOURCE | |
| Original cataloging agency | Mx-PuUPA |
| Transcribing agency | Mx-PuUPA |
| Modifying agency | Mx-PuUPA |
| Language of cataloging | spa |
| Description conventions | rda |
| 041 0# - LANGUAGE CODE | |
| Language code of text/sound track or separate title | spa |
| 110 2# - MAIN ENTRY--CORPORATE NAME | |
| Corporate name or jurisdiction name as entry element | Harvard Business Review Press, |
| 9 (RLIN) | 7782 |
| 245 10 - TITLE STATEMENT | |
| Title | Creación de un plan de negocios / |
| Statement of responsibility, etc. | Harvard Business Review Press ; redacción, Rosa Salvía, Osvaldo Leboso, Diana Malizia ; coordinación, Alberto Hernández |
| 264 #1 - PRODUCTION, PUBLICATION, DISTRIBUTION, MANUFACTURE, AND COPYRIGHT NOTICE | |
| Place of production, publication, distribution, manufacture | Barcelona, España : |
| Name of producer, publisher, distributor, manufacturer | Editorial Sol 90, |
| Date of production, publication, distribution, manufacture, or copyright notice | ©2017 |
| 300 ## - PHYSICAL DESCRIPTION | |
| Extent | 95 páginas : |
| Other physical details | graficas ; |
| Dimensions | 20 cm |
| 336 ## - CONTENT TYPE | |
| Content type term | texto |
| Content type code | txt |
| Fuente | rdacontent |
| 337 ## - MEDIA TYPE | |
| Source | rdamedia |
| Media type term | sin medio |
| Media type code | n |
| 338 ## - CARRIER TYPE | |
| Source | rdacarrier |
| Carrier type term | volumen |
| Carrier type code | nc |
| 490 0# - SERIES STATEMENT | |
| Series statement | Manager en 20 minutos ; |
| Volume/sequential designation | Libro 1 |
| 500 ## - GENERAL NOTE | |
| General note | Guía práctica para empresarios y ejecutivos.-- Cubierta. |
| 500 ## - GENERAL NOTE | |
| General note | Aprende a presentar tus ideas, planes y expectativas de negocios con claridad. Describe la oportunidad de negocio. analiza a los competidores y a la industria. Anticípate a los problemas. Gánate la confianza de los inversores. Consigue recursos.-- Portada. |
| 650 #7 - SUBJECT ADDED ENTRY--TOPICAL TERM | |
| Source of heading or term | armarc |
| Topical term or geographic name entry element | Nuevas empresas |
| General subdivision | Planificación |
| 650 #7 - SUBJECT ADDED ENTRY--TOPICAL TERM | |
| Source of heading or term | armarc |
| Topical term or geographic name entry element | Planificación empresarial |
| 650 #7 - SUBJECT ADDED ENTRY--TOPICAL TERM | |
| Source of heading or term | armarc |
| Topical term or geographic name entry element | Liderazgo |
| 700 1# - ADDED ENTRY--PERSONAL NAME | |
| Personal name | Salvía, Rosa, |
| Relator term | redactor |
| 700 1# - ADDED ENTRY--PERSONAL NAME | |
| Personal name | Leboso, Osvaldo, |
| Relator term | redactor |
| 700 1# - ADDED ENTRY--PERSONAL NAME | |
| Personal name | Malizia, Diana, |
| Relator term | redactor |
| 700 1# - ADDED ENTRY--PERSONAL NAME | |
| 9 (RLIN) | 13524 |
| Personal name | Hernández, Alberto, |
| Relator term | coordinador |
| 710 2# - ADDED ENTRY--CORPORATE NAME | |
| Corporate name or jurisdiction name as entry element | Harvard Business Review Press, |
| Relator term | editor |
| 9 (RLIN) | 7782 |
| 942 ## - ADDED ENTRY ELEMENTS (KOHA) | |
| Source of classification or shelving scheme | Dewey Decimal Classification |
| Koha item type | Libro |
| Classification part | 650.11 |
| Item part | C912 |
| Withdrawn status | Lost status | Source of classification or shelving scheme | Damaged status | Not for loan | Collection code | Home library | Current library | Shelving location | Date acquired | Total Checkouts | Full call number | Barcode | Date last seen | Price effective from | Koha item type |
|---|---|---|---|---|---|---|---|---|---|---|---|---|---|---|---|
| Dewey Decimal Classification | General | Tehuacán | Tehuacán | Sala general | 22/11/2022 | 650.11 C912 2017 | 968000001146 | 08/01/2025 | 22/11/2022 | Libro |